| 000 | 00720nam a22001577a 4500 | ||
|---|---|---|---|
| 003 | OSt | ||
| 005 | 20151001162155.0 | ||
| 008 | 151001b xxu||||| |||| 00| 0 eng d | ||
| 040 | _cRUA | ||
| 082 | _aAVM CHE 1996 B069 Or.1 | ||
| 100 |
_91706 _aCHEA SIMNY |
||
| 245 | _aChecking lesions in cattle's internal organs at the boeung salang slaughter house,phnom oenh, (ការត្រួតពិនិត្យស្លាកលើសរីរាង្គខាងក្នុងរបស់សត្វគោ ក្របី នៅទីសត្តឃាត បឹងសាឡាង រាជធានីភ្នំពេញ) | ||
| 260 |
_aphnom penh _bRUA _c1996 |
||
| 300 |
_a57p. _bill. _c29cm. |
||
| 942 |
_2ddc _cAVM |
||
| 999 |
_c1610 _d1610 |
||